[Event "GER-ch Net Amateur Gr-B Vor3"]
[Site "Playchess.com INT"]
[Date "2020.04.16"]
[Round "7"]
[White "Jacobsen, Uwe"]
[Black "Kowalzick, Uwe"]
[Result "1-0"]
[WhiteElo "1465"]
[BlackElo "1159"]
[PlyCount "35"]
[EventDate "2020.04.16"]
[EventType "swiss (blitz)"]
[EventRounds "9"]
[EventCountry "GER"]
[SourceTitle "CBM 195 Extra"]
[Source "ChessBase"]
[SourceDate "2020.05.31"]
[SourceVersion "1"]
[SourceVersionDate "2020.05.31"]
[SourceQuality "1"]

1. d4 d5 2. Nf3 Nf6 3. c4 c6 4. e3 dxc4 5. Bxc4 e6 6. Nc3 b5 7. Bd3 Nbd7 8. a3 Qc7 9. 0-0 Be7 10. Bd2 Bb7 11. Rc1 Qb6 12. e4 0-0 13. h3 c5 14. Be3 c4 15. Bb1 Qc7 16. Qc2 a6 17. e5 Nd5 18. Qxh7# 1-0

[Event "GER-ch Net Amateur Gr-B Vor3"]
[Site "Playchess.com INT"]
[Date "2020.04.16"]
[Round "5"]
[White "Kowalzick, Uwe"]
[Black "Elpelt, Frank"]
[Result "1-0"]
[WhiteElo "1159"]
[BlackElo "1414"]
[PlyCount "67"]
[EventDate "2020.04.16"]
[EventType "swiss (blitz)"]
[EventRounds "9"]
[EventCountry "GER"]
[SourceTitle "CBM 195 Extra"]
[Source "ChessBase"]
[SourceDate "2020.05.31"]
[SourceVersion "1"]
[SourceVersionDate "2020.05.31"]
[SourceQuality "1"]

1. d4 Nf6 2. Nf3 g6 3. c4 d5 4. cxd5 Nxd5 5. Nc3 Nxc3 6. bxc3 Bg7 7. e4 0-0 8. Bc4 Bg4 9. h3 Bd7 10. Bf4 Nc6 11. Qd3 Na5 12. Be5 Nxc4 13. Bxg7 Kxg7 14. Qxc4 a6 15. 0-0 Bb5 16. Qc5 Bxf1 17. Rxf1 Qd6 18. Qc4 Rac8 19. d5 Rfd8 20. Qd4+ Qf6 21. e5 Qf5 22. g4 Qc2 23. e6+ Kg8 24. exf7+ Kxf7 25. Ng5+ Kg8 26. Ne6 Kf7 27. Qg7+ Ke8 28. Nxd8 Rxd8 29. Re1 Kd7 30. Rxe7+ Kc8 31. Rxc7+ Kb8 32. Rxb7+ Ka8 33. Ra7+ Kb8 34. Qb7# 1-0

[Event "GER-ch Net Amateur Gr-B Vor3"]
[Site "Playchess.com INT"]
[Date "2020.04.16"]
[Round "2"]
[White "Kowalzick, Uwe"]
[Black "Haubold, Christian Lucas"]
[Result "0-1"]
[WhiteElo "1159"]
[BlackElo "1571"]
[PlyCount "38"]
[EventDate "2020.04.16"]
[EventType "swiss (blitz)"]
[EventRounds "9"]
[EventCountry "GER"]
[SourceTitle "CBM 195 Extra"]
[Source "ChessBase"]
[SourceDate "2020.05.31"]
[SourceVersion "1"]
[SourceVersionDate "2020.05.31"]
[SourceQuality "1"]

1. e4 e5 2. Nf3 Nc6 3. Bc4 Bc5 4. Nc3 Nf6 5. d3 d6 6. 0-0 Bg4 7. Bg5 Nd4 8. h3 Nxf3+ 9. gxf3 Bxh3 10. Re1 h6 11. Bh4 Qd7 12. Kh2 g5 13. Bg3 h5 14. Kg1 h4 15. Bh2 g4 16. f4 g3 17. fxe5 gxf2+ 18. Kh1 fxe1Q+ 19. Qxe1 Qg4 0-1

[Event "GER-ch Net Amateur Gr-B Vor3"]
[Site "Playchess.com INT"]
[Date "2020.04.16"]
[Round "3"]
[White "Thielscher, Rene"]
[Black "Kowalzick, Uwe"]
[Result "1-0"]
[WhiteElo "1477"]
[BlackElo "1159"]
[PlyCount "93"]
[EventDate "2020.04.16"]
[EventType "swiss (blitz)"]
[EventRounds "9"]
[EventCountry "GER"]
[SourceTitle "CBM 195 Extra"]
[Source "ChessBase"]
[SourceDate "2020.05.31"]
[SourceVersion "1"]
[SourceVersionDate "2020.05.31"]
[SourceQuality "1"]

1. e4 e5 2. f4 exf4 3. Nf3 d6 4. d4 Nf6 5. Nc3 g6 6. Bxf4 Bg7 7. Bd3 h6 8. 0-0 0-0 9. h3 Nbd7 10. Qd2 Kh7 11. Nh2 Qe7 12. Rae1 c5 13. d5 Ne5 14. Be2 a6 15. a3 b5 16. Nd1 Ng8 17. c3 Nc4 18. Bxc4 bxc4 19. Qe2 Rb8 20. Qxc4 Be5 21. Qd3 Bxf4 22. Rxf4 Nf6 23. b4 Qe5 24. Qf3 Kg7 25. Ng4 Nxg4 26. hxg4 cxb4 27. axb4 Bd7 28. Qe3 Bb5 29. Nf2 Rfe8 30. Qf3 Rb7 31. g3 g5 32. Rf5 Qe7 33. Qe3 Bd7 34. Qd4+ Kg6 35. Rf3 Qe5 36. Qxe5 Rxe5 37. Kg2 Rc7 38. Ra1 Ra7 39. Re1 Bb5 40. Rf5 Rc7 41. Rxe5 dxe5 42. Re3 Rc4 43. Nd3 Rxc3 44. Nxe5+ Kf6 45. Rxc3 Kxe5 46. Kf3 Kd4 47. Rc7 1-0

[Event "GER-ch Net Amateur Gr-B Vor1"]
[Site "Playchess.com INT"]
[Date "2020.04.14"]
[Round "6"]
[White "Diederichs, Karl"]
[Black "Kowalzick, Uwe"]
[Result "1-0"]
[WhiteElo "1439"]
[BlackElo "1326"]
[PlyCount "51"]
[EventDate "2020.04.14"]
[EventType "swiss (blitz)"]
[EventRounds "9"]
[EventCountry "GER"]
[SourceTitle "EXT 2021"]
[Source "ChessBase"]
[SourceDate "2020.10.23"]
[SourceVersion "1"]
[SourceVersionDate "2020.10.23"]
[SourceQuality "1"]

1. d4 d5 2. Nf3 Nf6 3. e3 Bg4 4. h3 Bh5 5. g4 Bg6 6. Ne5 e6 7. h4 h6 8. Nxg6 fxg6 9. Bd3 Kf7 10. Qf3 Ke7 11. Bxg6 Nbd7 12. h5 Kd6 13. e4 e5 14. dxe5+ Nxe5 15. Bf4 Qe7 16. Bxe5+ Qxe5 17. Nc3 dxe4 18. Rd1+ Kc6 19. Bxe4+ Nxe4 20. Nxe4 Bb4+ 21. Kf1 Kb6 22. Qe3+ Bc5 23. Qb3+ Kc6 24. Qa4+ Kb6 25. b4 Qxe4 26. bxc5+ 1-0

[Event "GER-ch Net Amateur Gr-B Vor1"]
[Site "Playchess.com INT"]
[Date "2020.04.14"]
[Round "1"]
[White "Kowalzick, Uwe"]
[Black "Ertelt, Pornchai"]
[Result "1-0"]
[WhiteElo "1620"]
[BlackElo "1478"]
[PlyCount "83"]
[EventDate "2020.04.14"]
[EventType "swiss (blitz)"]
[EventRounds "9"]
[EventCountry "GER"]
[SourceTitle "EXT 2021"]
[Source "ChessBase"]
[SourceDate "2020.10.23"]
[SourceVersion "1"]
[SourceVersionDate "2020.10.23"]
[SourceQuality "1"]

1. e4 c5 2. Nf3 d6 3. Nc3 e6 4. Bc4 Nf6 5. 0-0 Be7 6. d3 0-0 7. Bg5 a6 8. a4 Nc6 9. Qd2 d5 10. Bxf6 dxc4 11. Bxe7 Nxe7 12. dxc4 Qc7 13. Qg5 b6 14. Rfd1 Bb7 15. Ne5 Ng6 16. Rd7 Qxe5 17. Qxe5 Nxe5 18. Rxb7 Nxc4 19. b3 Ne5 20. Rxb6 Rfd8 21. Rc1 Rd2 22. f4 Ng4 23. Rc6 Rad8 24. h3 Ne3 25. Rxc5 Rxg2+ 26. Kh1 h5 27. Re1 Rdd2 28. Rxe3 Rh2+ 29. Kg1 Rdg2+ 30. Kf1 Rf2+ 31. Ke1 Rfg2 32. Kd1 Rd2+ 33. Ke1 Rdg2 34. Kd1 Rh1+ 35. Re1 Rhh2 36. Ne2 Rxh3 37. f5 exf5 38. Nf4 Rhg3 39. Nxg2 Rxg2 40. exf5 h4 41. f6 gxf6 42. Rh5 1-0

[Event "Solingen Karneval op"]
[Site "Solingen"]
[Date "2017.02.25"]
[Round "3"]
[White "Asadzade, Idris"]
[Black "Kowalzick, Uwe"]
[Result "1-0"]
[WhiteElo "1835"]
[BlackElo "1707"]
[PlyCount "33"]
[EventDate "2017.02.24"]
[EventType "swiss"]
[EventRounds "5"]
[EventCountry "GER"]
[SourceTitle "EXT 2018"]
[Source "ChessBase"]
[SourceDate "2017.10.13"]
[SourceVersion "1"]
[SourceVersionDate "2017.10.13"]
[SourceQuality "1"]

1. c4 c5 2. Nf3 Nc6 3. g3 Nf6 4. Bg2 g6 5. 0-0 Bg7 6. d4 cxd4 7. Nxd4 0-0 8. Nc3 a6 9. c5 d5 10. cxd6 Nxd4 11. dxe7 Qxe7 12. Qxd4 Rd8 13. Qh4 Bg4 14. Bg5 h5 15. Ne4 Bxe2 16. Nxf6+ Kf8 17. Nh7+ 1-0

[Event "Solingen-ch"]
[Site "Solingen"]
[Date "2010.12.10"]
[Round "7"]
[White "Kowalzick, Uwe"]
[Black "Goerke, Joachim"]
[Result "0-1"]
[WhiteElo "1620"]
[BlackElo "2154"]
[PlyCount "62"]
[EventDate "2010.09.10"]
[EventType "swiss"]
[EventRounds "7"]
[EventCountry "GER"]
[SourceTitle "EXT 2012"]
[Source "ChessBase"]
[SourceDate "2011.11.24"]
[SourceVersion "1"]
[SourceVersionDate "2011.11.24"]
[SourceQuality "1"]

1. d4 d5 2. Nf3 Nf6 3. Nc3 Bf5 4. Bf4 c6 5. e3 e6 6. Bd3 Bg6 7. Bxg6 hxg6 8. Qe2 Bb4 9. 0-0 Bxc3 10. bxc3 Ne4 11. c4 g5 12. Be5 f6 13. Bg3 g4 14. Nh4 f5 15. Ng6 Rh6 16. Ne5 Nxg3 17. fxg3 Nd7 18. Nxd7 Qxd7 19. cxd5 cxd5 20. c4 0-0-0 21. c5 Qc6 22. a4 Rdh8 23. a5 a6 24. Rfb1 Rxh2 25. Kf2 R8h3 26. Rb6 Qc7 27. Rd6 Qe7 28. Rb1 Rxg3 29. Kxg3 Qh4+ 30. Kf4 g3+ 31. Ke5 Qe4# 0-1

[Event "Solingen-ch"]
[Site "Solingen"]
[Date "2010.11.26"]
[Round "6"]
[White "Kowalzick, Uwe"]
[Black "Moeller, Jonas"]
[Result "1-0"]
[WhiteElo "1620"]
[BlackElo "988"]
[PlyCount "97"]
[EventDate "2010.09.10"]
[EventType "swiss"]
[EventRounds "7"]
[EventCountry "GER"]
[SourceTitle "EXT 2012"]
[Source "ChessBase"]
[SourceDate "2011.11.24"]
[SourceVersion "1"]
[SourceVersionDate "2011.11.24"]
[SourceQuality "1"]

1. c4 Nf6 2. d4 e6 3. Nc3 b6 4. Bg5 Bb7 5. e4 Be7 6. d5 exd5 7. cxd5 d6 8. Nf3 Nbd7 9. Qd2 0-0 10. 0-0-0 h6 11. Bf4 c6 12. dxc6 Bxc6 13. Bd3 Nc5 14. Rhe1 d5 15. Nd4 Bb7 16. e5 Nfd7 17. Bxh6 Nxd3+ 18. Qxd3 gxh6 19. f4 Nc5 20. Qh3 Kh7 21. Qf5+ Kh8 22. Qh5 Bg5 23. fxg5 Qxg5+ 24. Qxg5 hxg5 25. Re3 Ne6 26. Nf5 Rad8 27. Rh3+ Kg8 28. Ne7+ Kg7 29. Ncxd5 Bxd5 30. Nxd5 Rc8+ 31. Kb1 Rfd8 32. Rhd3 Kg6 33. Ne7+ Kg7 34. Nxc8 Rxc8 35. g3 f6 36. Rd7+ Kg6 37. R1d6 Kf5 38. exf6 Kxf6 39. Rxa7 b5 40. Raa6 Re8 41. Rxe6+ Rxe6 42. Rxe6+ Kxe6 43. Kc2 Ke5 44. Kd3 Kf5 45. h3 Ke5 46. b3 Kd5 47. a4 Kc5 48. axb5 Kxb5 49. Ke4 1-0

[Event "Solingen-ch"]
[Site "Solingen"]
[Date "2010.11.19"]
[Round "5"]
[White "Boschek, Hans Joachim"]
[Black "Kowalzick, Uwe"]
[Result "1-0"]
[WhiteElo "1946"]
[BlackElo "1620"]
[PlyCount "73"]
[EventDate "2010.09.10"]
[EventType "swiss"]
[EventRounds "7"]
[EventCountry "GER"]
[SourceTitle "EXT 2012"]
[Source "ChessBase"]
[SourceDate "2011.11.24"]
[SourceVersion "1"]
[SourceVersionDate "2011.11.24"]
[SourceQuality "1"]

1. c4 c5 2. g3 Nc6 3. Bg2 Nf6 4. Nc3 d6 5. e3 g6 6. Nge2 Bg7 7. 0-0 0-0 8. d3 Ng4 9. d4 cxd4 10. exd4 f5 11. h3 Nf6 12. Be3 h6 13. Qd2 Kh7 14. Rad1 Qd7 15. d5 Ne5 16. b3 Nf7 17. Nd4 Ne4 18. Nxe4 Bxd4 19. Qxd4 fxe4 20. Qxe4 e5 21. dxe6 Qxe6 22. Qxe6 Bxe6 23. Kh2 Bc8 24. Rfe1 a5 25. Bf4 Ra6 26. Re7 Kg8 27. Bd5 Kg7 28. Rde1 Kf6 29. Rc7 Ne5 30. Bxh6 Re8 31. Bg7+ Kf5 32. Rf7+ Nxf7 33. Rxe8 Bd7 34. Re7 Ne5 35. Bxe5 dxe5 36. Rxd7 a4 37. b4 1-0